000 00806nam a22002417a 4500
001 8824
003 FISKH
005 20251022090215.0
008 251022b cb ||||| |||| 00| 0 eng d
040 _aFISKH
_bkhr
_cFISKH
_dFISKH
082 _a813
100 _aSokkeng, Kong
245 _aទន្សាយប៉ារ៉ា​ឆ្លាត :
_bThe clever Para rabbit /
_cនិពន្ធដោយ : គង់ សុខកេង ; វិចិត្រកររូបភាព: ឡោមភីរ:
260 _aPhnom Penh :
_bSmart Kids,
300 _a20 pages :
_bcolor illustrations ;
_c25 cm
505 _aK
521 8 _a510
_bLexile estimate
521 8 _aK
_bRaz-Plus
650 _aRabbit
700 _aPhireak, Lorm
_eillustrator
942 _2ddc
_cKHB
_n0
999 _c8824
_d8824